| 000 | 01160cad a22002295a 4500 | ||
|---|---|---|---|
| 001 | E149847 | ||
| 008 | 100505s2010 xxk f 000 0 eng d | ||
| 020 | _a9781853976070 | ||
| 035 | _a(Sirsi) u149847 | ||
| 041 | 0 | _aeng | |
| 110 | 2 |
_aScottish Natural Heritage _92794 |
|
| 245 | 0 | 0 |
_aMicro-renewables and nature conservation _ba guide for householders and installers _h[electronic resource] |
| 260 |
_aRedgorton (Perth) _bSNH _c2010 |
||
| 520 | _aLooks at how technologies such as wind turbines, heat pumps and hydro-electricity schemes can impact on nature conservation and protected species. Offers advice on avoiding negative impacts and includes checklists for the common renewable technologies. | ||
| 521 | _aIntroductory | ||
| 590 | _aKA | ||
| 651 | 4 |
_aScotland _y1999- |
|
| 690 | _aENVIRONMENTAL AND LAND CONSULTANCY-ENERGY-ENERGY USE-ENERGY EFFICIENCY | ||
| 690 | _aENVIRONMENTAL AND LAND CONSULTANCY-ENVIRONMENTAL MANAGEMENT-ENVIRONMENTAL CONSERVATION | ||
| 856 | 4 | 0 |
_uhttps://www.snh.org.uk/pdfs/strategy/renewables/micro-renewables%20and%20nature%20conservation.pdf _zView the leaflet free of charge (pdf file) at www.snh.org.uk |
| 942 | _n0 | ||
| 999 |
_c110649 _d110649 |
||